| 000 | 00467nam a2200193Ia 4500 | ||
|---|---|---|---|
| 005 | 20230202165416.0 | ||
| 008 | 230125s9999 xx 000 0 und d | ||
| 020 | _a9780201409291 | ||
| 041 | _aeng | ||
| 082 |
_a658.4092 _bBEN |
||
| 100 |
_aBennis W _9117157 |
||
| 245 | _aOn Becoming A Leader | ||
| 260 |
_c1994 _bAddison Wesley _aU.S.A. |
||
| 300 | _a217p | ||
| 500 | _aLeadership | ||
| 650 |
_aLeadership _9107725 |
||
| 700 |
_aBennis W _9117157 |
||
| 942 | _cBK | ||
| 999 |
_c94902 _d94902 |
||